BEYOND SIMPLE LINES (Record no. 4579)

MARC details
000 -LEADER
fixed length control field 00421nam a22001697a 4500
008 - FIXED-LENGTH DATA ELEMENTS--GENERAL INFORMATION
fixed length control field 260304b |||||||| |||| 00| 0 eng d
020 ## - INTERNATIONAL STANDARD BOOK NUMBER
ISBN 9789789185306
100 ## - MAIN ENTRY--AUTHOR
Author BASSEY, NNIMMO
245 ## - TITLE STATEMENT
Title BEYOND SIMPLE LINES
260 ## - PUBLICATION, DISTRIBUTION, ETC. (IMPRINT)
Place of publication IBADAN
Name of publisher KRAFT BOOKS LIMITED
Date of publication 1993
300 ## - COLLATION
Pagination 212p.
Other physical details ILL
650 ## - TRACINGS
Main Subject BIOGRAPHY
700 ## - ADDITIONAL AUTHOR
Additional Author NWAEZEN OKECHUKWU
942 ## - ADDED ENTRY ELEMENTS (KOHA)
Item type Books
050 ## - LIBRARY OF CONGRESS CALL NUMBER
Classification number NA1599.N53
Item number .B37
Holdings
Source of classification or shelving scheme Not for loan Permanent location Current location Date acquired Accession No. Full call number Barcode. Copy number Koha item type
Library of Congress Classification   Samuel Ogbemudia Main Library, University of Abuja Samuel Ogbemudia Main Library, University of Abuja 03/04/2026 2025/69435 /69436 NA1599.N53 .B37 2026-0065 2 Books